Kiến trúc đô thị thành phố Hồ Chí Minh trong tương lai Ho Chi Minh city architecture in the future
সংরক্ষণ করুন:
| প্রধান লেখক: | |
|---|---|
| বিন্যাস: | গ্রন্থ |
| ভাষা: | Undetermined |
| বিষয়গুলি: | |
| অনলাইন ব্যবহার করুন: | http://lrc.tdmu.edu.vn/opac/search/detail.asp?aID=2&ID=36862 |
| ট্যাগগুলো: |
ট্যাগ যুক্ত করুন
কোনো ট্যাগ নেই, প্রথমজন হিসাবে ট্যাগ করুন!
|
| Thư viện lưu trữ: | Trung tâm Học liệu Trường Đại học Thủ Dầu Một |
|---|
| LEADER | 00676nam a2200157Ia 4500 | ||
|---|---|---|---|
| 001 | TDMU_36862 | ||
| 008 | 210410s9999 xx 000 0 und d | ||
| 082 | |a 349 | ||
| 100 | |a Lê, Văn Thương | ||
| 245 | 0 | |a Kiến trúc đô thị thành phố Hồ Chí Minh trong tương lai | |
| 245 | 0 | |b Ho Chi Minh city architecture in the future | |
| 245 | 0 | |c Lê Văn Thương | |
| 300 | |a Tr.22-26 | ||
| 650 | |a Kiến trúc - Xây dựng; Kiến trúc đô thị; Sài Gòn; Thành phố Hồ Chí Minh | ||
| 856 | |u http://lrc.tdmu.edu.vn/opac/search/detail.asp?aID=2&ID=36862 | ||
| 980 | |a Trung tâm Học liệu Trường Đại học Thủ Dầu Một | ||